LIBRARY & INFORMATION CENTRE, KCAET, TAVANUR

ONLINE PUBLIC ACCESS CATALOGUE (OPAC)

Living english / (Record no. 11794)

MARC details
000 -LEADER
fixed length control field 00345cam a2200145ua 4500
041 ## - LANGUAGE CODE
Language code of text/sound track or separate title eng
082 ## - DEWEY DECIMAL CLASSIFICATION NUMBER
Classification number 824
Item number SAM/LT
100 ## - MAIN ENTRY--AUTHOR NAME
Personal name Samuel, M.S .
245 ## - TITLE STATEMENT
Title Living english /
260 ## - PUBLICATION, DISTRIBUTION, ETC. (IMPRINT)
Place of publication :
Name of publisher MacMillan and Company Limited ,
Year of publication 1967.
300 ## - PHYSICAL DESCRIPTION
Number of Pages 160 ; .
942 ## - ADDED ENTRY ELEMENTS (KOHA)
Koha item type Books
Holdings
Withdrawn status Lost status Damaged status Home library Current library Date acquired Full call number Accession Number Koha item type
Withdrawn     KAUAET KAUAET 16/11/2023 824 SAM/LT 11469 Books
Withdrawn     KAUAET KAUAET 16/11/2023 824 SAM/LT 11470 Books
Withdrawn     KAUAET Sanskrit University 07/04/2012 824 11986 Books
free website counter